<?xml version="1.0" encoding="UTF-8"?>
<record
    xmlns:xsi="http://www.w3.org/2001/XMLSchema-instance"
    xsi:schemaLocation="http://www.loc.gov/MARC21/slim http://www.loc.gov/standards/marcxml/schema/MARC21slim.xsd"
    xmlns="http://www.loc.gov/MARC21/slim">

  <leader>01413nam a2200361   4500</leader>
  <controlfield tag="001">208</controlfield>
  <controlfield tag="003">OSt</controlfield>
  <controlfield tag="005">20250528074014.0</controlfield>
  <controlfield tag="008">250203b        |||||||g |||| 00| 1 eng d</controlfield>
  <datafield tag="020" ind1=" " ind2=" ">
    <subfield code="a">8572324593</subfield>
  </datafield>
  <datafield tag="040" ind1=" " ind2=" ">
    <subfield code="b">por</subfield>
  </datafield>
  <datafield tag="041" ind1=" " ind2=" ">
    <subfield code="h">eng</subfield>
    <subfield code="a">por</subfield>
  </datafield>
  <datafield tag="082" ind1=" " ind2=" ">
    <subfield code="a">028.5</subfield>
    <subfield code="b">D754a</subfield>
  </datafield>
  <datafield tag="100" ind1="1" ind2=" ">
    <subfield code="a">Doyle, Arthur Conan,</subfield>
    <subfield code="d">1859-1930</subfield>
    <subfield code="9">388</subfield>
  </datafield>
  <datafield tag="240" ind1=" " ind2=" ">
    <subfield code="a">The adventures of Sherlock Holmes</subfield>
  </datafield>
  <datafield tag="245" ind1=" " ind2=" ">
    <subfield code="a">As aventuras de Sherlock Holmes /</subfield>
    <subfield code="c">Doyle, Arthur Conan ; Tradu&#xE7;&#xE3;o de Jean Melville</subfield>
  </datafield>
  <datafield tag="260" ind1=" " ind2=" ">
    <subfield code="a">S&#xE3;o Paulo</subfield>
    <subfield code="b">Martin Claret</subfield>
    <subfield code="c">2002</subfield>
  </datafield>
  <datafield tag="300" ind1=" " ind2=" ">
    <subfield code="a">213 p.</subfield>
  </datafield>
  <datafield tag="520" ind1=" " ind2=" ">
    <subfield code="a">Este livro cont&#xE9;m nove hist&#xF3;rias, onde o autor narra as mais eletrizantes aventuras do detetive ingl&#xEA;s. De elevado conhecimento cient&#xED;fico e racioc&#xED;nio dedutivo, Sherlock Holmes &#xE9; um detetive que desvenda crimes insol&#xED;veis. Nos livros de Conan Doyle h&#xE1; sempre um duelo entre o detetive e seu inimigo oculto, tamb&#xE9;m dotado de intelig&#xEA;ncia rara, e o desenlace vem carregado de forte dose dram&#xE1;tica.</subfield>
  </datafield>
  <datafield tag="650" ind1=" " ind2="0">
    <subfield code="a">Literatura Inglesa</subfield>
    <subfield code="9">89</subfield>
  </datafield>
  <datafield tag="650" ind1=" " ind2="0">
    <subfield code="a">Adapta&#xE7;&#xE3;o</subfield>
    <subfield code="9">788</subfield>
  </datafield>
  <datafield tag="650" ind1=" " ind2="0">
    <subfield code="a">Crime e Investiga&#xE7;&#xE3;o </subfield>
    <subfield code="9">13</subfield>
  </datafield>
  <datafield tag="650" ind1=" " ind2="0">
    <subfield code="a">Romance Policial </subfield>
    <subfield code="9">11</subfield>
  </datafield>
  <datafield tag="650" ind1=" " ind2="0">
    <subfield code="a">Suspense</subfield>
    <subfield code="9">10</subfield>
  </datafield>
  <datafield tag="650" ind1=" " ind2="0">
    <subfield code="a">Mist&#xE9;rio</subfield>
    <subfield code="9">42</subfield>
  </datafield>
  <datafield tag="650" ind1=" " ind2="0">
    <subfield code="a">Cl&#xE1;ssicos</subfield>
    <subfield code="9">77</subfield>
  </datafield>
  <datafield tag="650" ind1=" " ind2="0">
    <subfield code="a">Filme</subfield>
    <subfield code="9">26</subfield>
  </datafield>
  <datafield tag="655" ind1=" " ind2="0">
    <subfield code="a">Romance</subfield>
    <subfield code="9">23</subfield>
  </datafield>
  <datafield tag="655" ind1=" " ind2="0">
    <subfield code="a">Fic&#xE7;&#xE3;o </subfield>
    <subfield code="9">22</subfield>
  </datafield>
  <datafield tag="700" ind1=" " ind2=" ">
    <subfield code="a">Jean Melville</subfield>
    <subfield code="e">Tradutor</subfield>
    <subfield code="9">390</subfield>
  </datafield>
  <datafield tag="830" ind1=" " ind2=" ">
    <subfield code="a">A obra prima de cada autor</subfield>
    <subfield code="9">391</subfield>
  </datafield>
  <datafield tag="942" ind1=" " ind2=" ">
    <subfield code="2">ddc</subfield>
    <subfield code="n">0</subfield>
    <subfield code="c">BK</subfield>
  </datafield>
  <datafield tag="952" ind1=" " ind2=" ">
    <subfield code="0">0</subfield>
    <subfield code="1">0</subfield>
    <subfield code="2">ddc</subfield>
    <subfield code="4">0</subfield>
    <subfield code="7">0</subfield>
    <subfield code="8">FIC</subfield>
    <subfield code="a">BIBIB</subfield>
    <subfield code="b">BIBIB</subfield>
    <subfield code="c">IJ</subfield>
    <subfield code="d">2016-12-04</subfield>
    <subfield code="e">doa&#xE7;&#xE3;o</subfield>
    <subfield code="l">0</subfield>
    <subfield code="o">IJ 028.5 / D754a</subfield>
    <subfield code="p">2025-15426</subfield>
    <subfield code="r">2025-01-31 07:47:58</subfield>
    <subfield code="w">2025-01-31</subfield>
    <subfield code="y">BK</subfield>
  </datafield>
  <datafield tag="999" ind1=" " ind2=" ">
    <subfield code="c">208</subfield>
    <subfield code="d">208</subfield>
  </datafield>
</record>
